000 00530nam a2200157 a 4500
005 20140414093845.0
008 091105s19uu xx 00 eng d
050 _aCD 428.2
_bENG 2007
100 _aBeyer, Thomas R., Jr.
245 _a501 English verbs :
_bfully conjugated in all the tenses in a new, easy-to-learn format, alphabetically arranged /
_cThomas R. Beyer, Jr.
250 _a2nd edition
260 _aNew York :
_bBarron's,
_cc2007.
650 _aEnglish language
_xVerbs
_xTables.
942 _cAVM
999 _c109541
_d109541